Corrosion engineering (Record no. 1267)

000 -LEADER
fixed length control field 00569nam a22002177a 4500
001 - CONTROL NUMBER
control field 1267
003 - CONTROL NUMBER IDENTIFIER
control field BD-DhUET
008 - FIXED-LENGTH DATA ELEMENTS--GENERAL INFORMATION
fixed length control field 140902b xxu||||| |||| 00| 0 eng d
020 ## - INTERNATIONAL STANDARD BOOK NUMBER
International Standard Book Number 9789848725085
040 ## - CATALOGING SOURCE
Transcribing agency 0
Modifying agency BD-DhUET
082 ## - DEWEY DECIMAL CLASSIFICATION NUMBER
Classification number 620.1122
Item number NOO/2009
100 ## - MAIN ENTRY--PERSONAL NAME
Personal name Nooruddin Ahmed
245 ## - TITLE STATEMENT
Title Corrosion engineering
Remainder of title an introductory text
250 ## - EDITION STATEMENT
Edition statement 1st ed.
260 ## - PUBLICATION, DISTRIBUTION, ETC. (IMPRINT)
Place of publication, distribution, etc. Dhaka
Name of publisher, distributor, etc. N. Ahmed and I. Mahmud
Date of publication, distribution, etc. 2009
300 ## - PHYSICAL DESCRIPTION
Extent xviii, 261 p.
504 ## - BIBLIOGRAPHY, ETC. NOTE
Bibliography, etc Includes bibliographies
650 #0 - SUBJECT ADDED ENTRY--TOPICAL TERM
Topical term or geographic name as entry element Corrosion and anti-Corrosion
700 ## - ADDED ENTRY--PERSONAL NAME
Personal name Iqbal Mahmud
942 ## - ADDED ENTRY ELEMENTS (KOHA)
Koha item type General Book
Holdings
Damaged status Lost status Location (home branch) Not for loan Sublocation or collection (holding branch) Koha date last borrowed Koha full call number Koha issues (times borrowed) Koha date last seen Source of classification or shelving scheme Koha normalized classification for sorting Withdrawn status Copy number Date acquired Shelving location Piece designation (barcode) Koha item type Price effective from
  Central Library, BUET Central Library, BUET2021-08-28620.1122/NOO/200922021-08-28 620_000000000000000_1122NOO200 82014-09-02Circulation section107513General Book2014-09-02
  Central Library, BUET Central Library, BUET2021-09-06620.1122/NOO/2009252021-09-06 620_000000000000000_1122NOO200 82014-09-02Circulation section107507General Book2014-09-02
  Central Library, BUET Central Library, BUET2021-08-28620.1122/NOO/200912021-08-28 620_000000000000000_1122NOO200 82014-09-02Circulation section107508General Book2014-09-02
  Central Library, BUET Central Library, BUET2021-08-28620.1122/NOO/200912021-08-28 620_000000000000000_1122NOO200  2014-09-02Circulation section107506General Book2014-09-02
  Central Library, BUET Central Library, BUET2021-08-28620.1122/NOO/200912021-08-28 620_000000000000000_1122NOO200  2014-09-02Circulation section107512General Book2014-09-02
  Central Library, BUET Central Library, BUET2025-12-01620.1122/NOO/200952026-05-19 620_000000000000000_1122NOO200  2014-09-02Circulation section107509General Book2014-09-02
  Central Library, BUET Central Library, BUET2024-10-21620.1122/NOO/2009382024-10-21 620_000000000000000_1122NOO200  2014-09-02Circulation section107505General Book2014-09-02
  Central Library, BUET Central Library, BUET2021-08-28620.1122/NOO/200912021-08-28 620_000000000000000_1122NOO200  2014-09-02Circulation section107511General Book2014-09-02
  Central Library, BUET Central Library, BUET2021-08-28620.1122/NOO/200912021-08-28 620_000000000000000_1122NOO200  2014-09-02Circulation section107504General Book2014-09-02
  Central Library, BUET Central Library, BUET2021-08-28620.1122/NOO/200912021-08-28 620_112200000000000_NOO_2009 12010-01-13Circulation section107510General Book2018-04-28